Statistics for Dynasties of China

Click here to take the quiz!

General Stats

  • This quiz has been taken 60 times
  • The average score is 43 of 68

Answer Stats

YearsDynasty% Correct
909-945 ADMin
96%
550-577 ADNorthern Qi
96%
479-502 ADSouthern Qi
96%
351-394 ADFormer Qin
94%
384-421 ADLater Qin
94%
221-207 BCQin
94%
385-400 AD, 409-431 ADWestern Qin
94%
1368-1644 ADMing
91%
923-936 ADLater Tang
89%
1644-1912 ADQing
89%
221-263 ADShu Han
89%
937-975 ADSouthern Tang
89%
618-690 AD, 705-907 ADTang
89%
304-347 ADCheng Han
85%
25-220 ADEastern Han
85%
304-329 ADHan/Former Zhao
85%
947-951 ADLater Han
85%
951-979 ADNorthern Han
85%
917-971 ADSouthern Han
85%
206 BC-9 ADWestern Han
85%
951-960 ADLater Zhou
81%
420-479 ADLiu Song
81%
960-1127 ADNorthern Song
81%
557-581 ADNorthern Zhou
81%
1127-1279 ADSouthern Song
81%
1046-256 BCZhou
81%
690-705 ADZhou
81%
407-431 ADHelian Xia
79%
1038-1227 ADWestern Xia
79%
1989-1558 BCXia
79%
1556-1046 BCShang
77%
1271-1368 ADYuan
75%
318-420 ADEastern Jin
74%
1115-1234 ADJin
74%
936-947 ADLater Jin
74%
266-317 ADWestern Jin
74%
581-618 ADSui
66%
222-280 ADSun Wu
58%
907-937 ADWu
58%
9-23 ADXin
58%
907-1125 ADLiao
57%
220-266 ADCao Wei
47%
534-550 ADEastern Wei
47%
386-534 ADNorthern Wei
47%
350-352 ADRan Wei
47%
535-557 ADWestern Wei
47%
388-392 ADZhai Wei
47%
557-587 ADChen
42%
907-925 ADFormer Shu
40%
337-370 ADFormer Yan
40%
934-965 ADLater Shu
40%
384-409 ADLater Yan
40%
409-436 ADNorthern Yan
40%
398-410 ADSouthern Yan
40%
384-394 ADWestern Yan
40%
907-951 ADChu
30%
314-376 ADFormer Liang
28%
907-923 ADLater Liang
28%
389-403 ADLater Liang
28%
502-557 ADLiang
28%
397-439 ADNorthern Liang
28%
397-414 ADSouthern Liang
28%
400-421 ADWestern Liang
28%
555-587 ADWestern Liang
28%
319-351 ADLater Zhao
23%
907-978 ADWuyue
15%
924-963 ADJingnan
11%
315-376 ADDai
8%

Score Distribution

Percentile by Number Answered

Percent of People with Each Score

Your Score History

You have not taken this quiz